Polycatenar mesogens with a perfluorinated moiety showing liquid crystalline polymorphism and, microscopically, a continuous smectic A to structured, fluid, optically isotropic phase transition /

সংরক্ষণ করুন:
গ্রন্থ-পঞ্জীর বিবরন
প্রধান লেখক: Nishikawa, Etsushi.
অন্যান্য লেখক: Yamamoto, Jun., Yokoyama, Hiroshi.
বিন্যাস: প্রবন্ধ
ভাষা:English
বিষয়গুলি:
ট্যাগগুলো: ট্যাগ যুক্ত করুন
কোনো ট্যাগ নেই, প্রথমজন হিসাবে ট্যাগ করুন!
Thư viện lưu trữ: Thư viện Trường Đại học Đà Lạt
LEADER 01075nam a2200313 4500
001 DLU090095570
005 ##20091201
040 # # |a DLU  |b eng 
041 # # |a eng 
044 # # |a us 
100 # # |a Nishikawa, Etsushi. 
245 # # |a Polycatenar mesogens with a perfluorinated moiety showing liquid crystalline polymorphism and, microscopically, a continuous smectic A to structured, fluid, optically isotropic phase transition /  |c Etsushi Nishikawa, Jun Yamamoto, Hiroshi Yokoyama. 
653 # # |a Chemical synthesis 
653 # # |a Liquid crystals 
653 # # |a Mesomorphism 
653 # # |a Organic compounds 
653 # # |a Temperature effect 
700 # # |a Yamamoto, Jun. 
700 # # |a Yokoyama, Hiroshi.  
773 # # |t Journal of Materials Chemistry  |g Vol. 13, no. 8 (2003), p. 1887-1893 
920 # # |a Phòng Tạp chí -- Trung tâm Thông tin - Thư viện Trường Đại học Đà Lạt 
994 # # |a DLU 
900 # # |a True 
911 # # |a Trương Bảo Trâm Anh 
925 # # |a G 
926 # # |a A 
927 # # |a BB 
980 # # |a Thư viện Trường Đại học Đà Lạt